000 01249nam a22003857a 4500
001 000051029
003 CHAP
005 20220408133714.0
008 971013s1987 r 00010 d
010 _a49966
011 _a50938
035 _a55088
040 _cCHAP
090 _aFolleto 11294
100 0 0 _aRodríguez Acosta, Maricela.
_998264
245 0 _aEstudio fitoquímico preliminar de las plantas medicinales en una comunidad de la Costa Chica, Guerrero.
260 _a(s.l.) :
_bUniversidad Autónoma de Guerrero,
_c(1987).
300 _app. 19-28.
490 _aSerie técnico científico
_v; 13
501 _aEnc. con otro impreso similar, mosmo No. de Folleto 11294. Fotocopia
590 _aBATCH-UPD
_b10
_c20130110
590 _aBATCH-UPD
_b10
_c20130110
590 _aBATCH-UPD
_b10
_c20130409
590 _aBATCH-UPD
_b10
_c20130410
590 _aBATCH-UPD
_b10
_c20130914
590 _aCONVERSION
_b10
_c20130109
590 _aE5995AHE
_b05
_c20140402
650 1 4 _aBotánica médica.
_914680
650 1 4 _aQuímica vegetal.
_993602
830 0 _aSerie técnico científico
_v; 13
_9105072
901 _aBK
942 _cFOLL
_2ddc
942 _n0
_2ddc
949 _aFolleto 11294
_bBC
_cFOLL
_d-121115
_eTS1
_i55088
_si
999 _c49966
_d49966